Give Time A Break (Record no. 13098)
[ view plain ]
| 000 -LEADER | |
|---|---|
| fixed length control field | 00332nam a2200133Ia 4500 |
| 008 - FIXED-LENGTH DATA ELEMENTS--GENERAL INFORMATION | |
| fixed length control field | 220803s9999 xx 000 0 und d |
| 041 ## - LANGUAGE CODE | |
| Language code of text/sound track or separate title | eng |
| 082 ## - DEWEY DECIMAL CLASSIFICATION NUMBER | |
| Classification number | 741.2 DOS |
| 100 ## - MAIN ENTRY--PERSONAL NAME | |
| Personal name | Doshi B |
| 9 (RLIN) | 19097 |
| 245 ## - TITLE STATEMENT | |
| Title | Give Time A Break |
| 260 ## - PUBLICATION, DISTRIBUTION, ETC. (IMPRINT) | |
| Place of publication, distribution, etc. | Ahmedabad |
| Name of publisher, distributor, etc. | Vastu Shilpa Foundation |
| Date of publication, distribution, etc. | 2006 |
| 300 ## - PHYSICAL DESCRIPTION | |
| Extent | 15p |
| 650 ## - SUBJECT ADDED ENTRY--TOPICAL TERM | |
| Topical term or geographic name as entry element | Basic Design |
| 9 (RLIN) | 19098 |
| Withdrawn status | Lost status | Damaged status | Not for loan | Collection code | Home library | Current library | Shelving location | Date acquired | Vendor | Cost, normal purchase price | Full call number | Barcode | Date last seen | Cost, replacement price | Bill Date | Koha item type | Original Barcode |
|---|---|---|---|---|---|---|---|---|---|---|---|---|---|---|---|---|---|
| Reference | Book of B Arch | Dr. Bhanuben Nanavati College of Architecture | Dr. Bhanuben Nanavati College of Architecture | 16/08/2007 | Vastu Shilpa Foundation | 50.00 | 823 DOS | BNCA-BK-5708 | 03/08/2022 | 50.00 | 13/07/2007 | Books | B005708 | ||||
| Reference | Dr. Bhanuben Nanavati College of Architecture | Dr. Bhanuben Nanavati College of Architecture | 10/08/2021 | Principal | 300.00 | 741.2 DOS | BNCA-DB-1804 | 03/08/2022 | 03/08/2022 | Donated Book | DB001804 |